| 000 | 00846nas a2200301 4500 | ||
|---|---|---|---|
| 001 | BR2011000253 | ||
| 003 | BR-BrBNA | ||
| 005 | 20231205114405.0 | ||
| 007 | ta | ||
| 008 | 230509b bl.|||p| |||| 00| 00por d | ||
| 040 |
_aBR-BrBNA _bpor _cBiblioteca Nacional de Agricultura |
||
| 041 | _a(Pt) | ||
| 072 | _aP34 | ||
| 100 | 1 | _aGonzaga, M.I.S. | |
| 100 | 1 | _aSantos, J.A.G. | |
| 100 | 1 | _aQying Ma, L. | |
| 245 | 1 | _aExtração de arsênio do solo por samambaias do gênero Pteris | |
| 650 | _aSAMAMBAIA | ||
| 650 | _aARSÊNIO | ||
| 650 | _aEXTRAÇÃO | ||
| 650 | _aDESINTOXICAÇÃO | ||
| 650 | _aSOLO | ||
| 650 | _aMATÉRIA SECA | ||
| 650 | _aCONTAMINAÇÃO | ||
| 773 | 0 |
_tMagistra (Brazil) _xISSN 0102-5333 _g(Jul-Set 2008), v. 20(3) p. 291-300 _wBR2011000253 |
|
| 909 |
_a202311 _bLúcia _c55 _dLúcia Elande |
||
| 942 |
_2AGRIS _n0 _cANA |
||
| 999 |
_c208555 _d208555 |
||